| 000 | 00643nam a22002177a 4500 | ||
|---|---|---|---|
| 999 |
_c1738 _d1738 |
||
| 005 | 20230125094100.0 | ||
| 008 | 230125b ||||| |||| 00| 0 eng d | ||
| 020 | _a9789620434631 | ||
| 040 | _cKH8 | ||
| 082 | _a495.1 YAM | ||
| 100 |
_aYamin, Ma _eauthor |
||
| 245 |
_aChinese made easy: _bTextbook 6. Simplified character version/ _cYamin Ma |
||
| 250 | _a3rd ed. | ||
| 260 |
_aHong Kong: _bJoint Publishing, _c2017. |
||
| 300 |
_a234 pages : _bcolour illustrations ; _c28 cm. |
||
| 440 | _aChinese made easy | ||
| 650 | _aChinese language | ||
| 650 | _aChinese language Study and teaching | ||
| 650 | _aTextbook | ||
| 942 |
_2ddc _cTR |
||